Statistics for 2010's disney shows

Click here to take the quiz!

General Stats

  • This quiz has been taken 37 times
  • The average score is 13 of 28

Answer Stats

HintAnswer% Correct
Charlie, PJ, Teddy, GabeGood Luck Charlie
90%
Austin, Trish, Dez, Ally, JimmyAustin and Ally
86%
Kc, Marisa, Judy, ErnieKc Undercover
83%
Mable, Dipper, Stan, SoosGravity Falls
76%
Luke, Emma, Zuri, RaviJessie
72%
Joey, Parker, Karen, PeteLiv and Maddie
69%
Chyna, Olive, FletcherANT Farm
66%
CeCe, RockyShake It Up
66%
Riley, Maya, FarkleGirl Meets World
62%
Emma, Xander, Lou, Zuri, RaviBunkd
59%
Andi, Bex, Cyrus, BuffyAndi Mack
55%
Leo, Adam, Bree, ChaseLab Rats
55%
Rudy, Jack, Jerry, Kim, EddieKickin it
45%
Harley, Lewie, Beast, EthanStuck in the middle
41%
Cricket, Tilly, RemyBig City Greens
38%
Paige, Frankie, Dirk, Amelia, BernieBizaardvark
38%
Tyler, Avery, Chloe, StanDog with a Blog
38%
Nia, Booker, Tess, LeviRavens Home
34%
Cyd, Shelby, Bret, ChetBest Friends Whenever
31%
Nini, Ricky, Gina, Courtney, Carlos, Ashlyn, EJHigh School Musical The Musical The Series
31%
Kaz, Oliver, Alan, SkylarMighty Med
31%
Cami, Fred, Ollie, CooperCoop and cam ask the world
28%
Max, Judy, Sydney, Leo, OliveSydney to the Max
28%
Kirby, Fish, EliKirby Buckets
21%
Happy, Bashful, Sleepy, Grumpy, DocThe 7D
17%
Conor, Franklin, Wendell, AshleyGamers Guide to Pretty Much Everything
14%
Bailey, Dusty, Chance, HermanWalk the Prank
14%
Gabby, Wesley, Jeremy, OliviaGabby Duran and the Unsittables
10%

Score Distribution

Percentile by Number Answered

Percent of People with Each Score

Your Score History

You have not taken this quiz